000 00665nam a2200253Ia 4500
003 OSt
005 20221007111023.0
006 a|||||r|||| 00| 0
007 ta
008 221006b |||||||| |||| 00| 0 eng d
024 _a22,389
037 _cTextual
040 _aLCO
_cLCO
_beng
041 _2eng
_aeng
082 _aX7282:(Z), L9
100 _aGulanikar C.A.
_9431512
245 0 _aTwo Acts Gift and Wealth Tax
250 _a5th
260 _aBombay
_bAjit Gulanikar and Mrs. Savita Gulanikar India
_c1979
300 _a1284+10+22
650 _aTAX
942 _hX7282:(Z), L9
_cTEXL
999 _c1191952
_d1191952